[Event "Heart of Finland op 24th"]
[Site "Jyvaskyla"]
[Date "2014.07.10"]
[Round "6"]
[White "Simkin, Alexander"]
[Black "Raki, Jyrki"]
[Result "1-0"]
[WhiteElo "1869"]
[BlackElo "2028"]
[PlyCount "123"]
[EventDate "2014.07.07"]
[EventType "swiss"]
[EventRounds "9"]
[EventCountry "FIN"]
[SourceTitle "EXT 2019"]
[Source "ChessBase"]
[SourceDate "2018.10.10"]
[SourceVersion "1"]
[SourceVersionDate "2018.10.10"]
[SourceQuality "1"]

1. e4 c6 2. d4 d5 3. f3 e6 4. Nc3 Bb4 5. Nge2 c5 6. a3 cxd4 7. Qxd4 Bxc3+ 8. Nxc3 Nf6 9. Bg5 dxe4 10. Qxd8+ Kxd8 11. Nxe4 Ke7 12. 0-0-0 Bd7 13. Bd3 Bc6 14. Rhe1 Nbd7 15. f4 h6 16. Bh4 Rhe8 17. f5 e5 18. Bc4 Bxe4 19. Rxe4 Kf8 20. Re2 a6 21. Red2 Rac8 22. Bb3 Nc5 23. Ba2 Rc7 24. Rd8 Rc8 25. Rxc8 Rxc8 26. Bxf6 gxf6 27. b4 Ne4 28. Rd7 Nc3 29. Rxf7+ Ke8 30. Be6 Ne2+ 31. Kd2 Nd4 32. Bxc8 Kxf7 33. Bxb7 Nxf5 34. Bxa6 Ke6 35. c4 Kd6 36. Kd3 Nd4 37. g4 Nf3 38. h3 Ng5 39. h4 Nf3 40. h5 Nd4 41. Bb7 Kc7 42. Bd5 Kd6 43. Be4 Kc7 44. a4 Ne6 45. a5 Nf4+ 46. Ke3 Ne6 47. a6 Kb6 48. Bb7 Nc7 49. b5 Ne6 50. Bc8 Nc5 51. Bf5 Ka7 52. Kd2 Na4 53. Kd3 Kb6 54. Kc2 Nc5 55. Kc3 Na4+ 56. Kb4 Nb2 57. c5+ Ka7 58. Bc2 e4 59. Bxe4 Nd1 60. Bb7 Ne3 61. b6+ Kb8 62. c6 1-0

[Event "Heart of Finland op 24th"]
[Site "Jyvaskyla"]
[Date "2014.07.09"]
[Round "4"]
[White "Raki, Jyrki"]
[Black "Luukkonen, Tommi"]
[Result "0-1"]
[WhiteElo "2028"]
[BlackElo "2358"]
[PlyCount "90"]
[EventDate "2014.07.07"]
[EventType "swiss"]
[EventRounds "9"]
[EventCountry "FIN"]
[SourceTitle "EXT 2019"]
[Source "ChessBase"]
[SourceDate "2018.10.10"]
[SourceVersion "1"]
[SourceVersionDate "2018.10.10"]
[SourceQuality "1"]

1. d4 Nf6 2. c4 e6 3. Nf3 c5 4. e3 d5 5. Nc3 Nc6 6. Be2 cxd4 7. exd4 Be7 8. 0-0 0-0 9. b3 b6 10. cxd5 Nxd5 11. Nxd5 Qxd5 12. Bc4 Qh5 13. Ne5 Qxd1 14. Rxd1 Bb7 15. Be3 Nb4 16. a4 Nc2 17. Ra2 Nxe3 18. fxe3 Bd6 19. Rf2 Bxe5 20. dxe5 Rfd8 21. Rfd2 Rxd2 22. Rxd2 Kf8 23. Rd7 Bc6 24. Rc7 Be4 25. Be2 a5 26. Bf3 Bxf3 27. gxf3 Rb8 28. Kf2 g5 29. Kg3 Kg7 30. f4 gxf4+ 31. exf4 Kg6 32. h3 Rd8 33. Rc3 Rd4 34. Kg4 h5+ 35. Kg3 Rb4 36. Rf3 Kf5 37. h4 Rd4 38. Rf1 Rd3+ 39. Rf3 Rd1 40. Kg2 Kg4 41. Rg3+ Kxf4 42. Rf3+ Kxe5 43. Rxf7 Rd2+ 44. Kf1 Rd4 45. Rb7 Rb4 0-1

[Event "FIN-chT1 East 1314"]
[Site "Finland"]
[Date "2014.02.08"]
[Round "6.7"]
[White "Fraser, Scott"]
[Black "Raki, Jyrki"]
[Result "1/2-1/2"]
[WhiteElo "2144"]
[BlackElo "2013"]
[PlyCount "110"]
[EventDate "2013.09.21"]
[EventType "team-tourn"]
[EventRounds "9"]
[EventCountry "FIN"]
[SourceTitle "EXT 2022"]
[Source "ChessBase"]
[SourceDate "2021.10.06"]
[SourceVersion "1"]
[SourceVersionDate "2021.10.06"]
[SourceQuality "1"]
[WhiteTeam "Espoo MatSK II"]
[BlackTeam "Kotka KymS"]
[WhiteTeamCountry "FIN"]
[BlackTeamCountry "FIN"]

1. Nf3 Nf6 2. c4 g6 3. g3 Bg7 4. Bg2 0-0 5. 0-0 c6 6. d4 d5 7. Qb3 dxc4 8. Qxc4 Nbd7 9. Nc3 Nb6 10. Qd3 Be6 11. Rd1 Bc4 12. Qc2 e6 13. e4 Qe7 14. b3 Ba6 15. a4 Rfd8 16. a5 Nbd7 17. Ba3 Qe8 18. e5 Nd5 19. Ne4 Bf8 20. Nd6 Bxd6 21. Bxd6 h6 22. h4 Rac8 23. Qd2 Kg7 24. Nh2 f5 25. Rdc1 Bb5 26. Bxd5 exd5 27. g4 Qe6 28. Qf4 Bd3 29. Rc3 Be2 30. Rg3 Kh7 31. Re1 Bxg4 32. Nxg4 fxg4 33. Rxg4 Rg8 34. Re3 Rg7 35. Ba3 Rf7 36. Qg3 Rg8 37. Rf3 Rgg7 38. Rgf4 Rf5 39. Kh2 Rgf7 40. Rxf5 Rxf5 41. Qh3 c5 42. Rxf5 gxf5 43. Bxc5 Nxc5 44. dxc5 Qxe5+ 45. Qg3 f4 46. Qg4 h5 47. Qg5 Qxg5 48. hxg5 a6 49. b4 d4 50. b5 d3 51. bxa6 bxa6 52. c6 d2 53. c7 d1Q 54. c8Q Qg4 55. Qc2+ Kh8 1/2-1/2

[Event "FIN-chT1 East 1314"]
[Site "Finland"]
[Date "2014.01.11"]
[Round "5.6"]
[White "Makinen, Ilkka"]
[Black "Raki, Jyrki"]
[Result "1/2-1/2"]
[WhiteElo "2111"]
[BlackElo "2013"]
[PlyCount "116"]
[EventDate "2013.09.21"]
[EventType "team-tourn"]
[EventRounds "9"]
[EventCountry "FIN"]
[SourceTitle "EXT 2022"]
[Source "ChessBase"]
[SourceDate "2021.10.06"]
[SourceVersion "1"]
[SourceVersionDate "2021.10.06"]
[SourceQuality "1"]
[WhiteTeam "Helsinki HSK II"]
[BlackTeam "Kotka KymS"]
[WhiteTeamCountry "FIN"]
[BlackTeamCountry "FIN"]

1. e4 c6 2. d3 g6 3. g3 Bg7 4. Bg2 d6 5. c3 e5 6. Nf3 Ne7 7. 0-0 0-0 8. Nbd2 h6 9. Qb3 Qc7 10. a4 Na6 11. Qa3 Nc5 12. d4 exd4 13. cxd4 Ne6 14. e5 dxe5 15. dxe5 Ng5 16. Nxg5 hxg5 17. Nc4 g4 18. Bf4 Be6 19. Ne3 Rfd8 20. Rfe1 Rd7 21. Rac1 Rad8 22. a5 Bf8 23. b4 g5 24. Bxg5 Qxe5 25. Bf4 Qh5 26. Rc5 Nd5 27. Nxd5 Bxd5 28. Rcc1 Bxg2 29. Kxg2 f6 30. Be3 Rh7 31. h4 gxh3+ 32. Kh2 Qf3 33. Rg1 Rd2 34. Qc3 Rd5 35. a6 Rb5 36. axb7 Rbxb7 37. Qxc6 Qxc6 38. Rxc6 Kf7 39. Ra1 Bxb4 40. Rxa7 Rxa7 41. Bxa7 Rh5 42. Bd4 f5 43. Be3 Be1 44. Rc1 Bb4 45. Rc4 Be7 46. Rc6 Bf8 47. Bd4 Be7 48. Rb6 Bd8 49. Rb8 Be7 50. Rh8 Rxh8 51. Bxh8 Bc5 52. f3 Kg6 53. Be5 Be3 54. Kxh3 Bc5 55. Kg2 Bb6 56. Kf1 Be3 57. Ke2 Bb6 58. Kd3 Bf2 1/2-1/2

[Event "Mikkeli We MikkSK MikkSK 70"]
[Site "Mikkeli"]
[Date "2014.??.??"]
[Round "5"]
[White "Raki, Jyrki"]
[Black "Ahlqvist, Esa"]
[Result "1-0"]
[WhiteElo "2023"]
[BlackElo "1960"]
[PlyCount "41"]
[EventDate "2014.??.??"]
[EventType "swiss"]
[EventRounds "5"]
[EventCountry "FIN"]
[SourceTitle "EXT 2022"]
[Source "ChessBase"]
[SourceDate "2021.10.06"]
[SourceVersion "1"]
[SourceVersionDate "2021.10.06"]
[SourceQuality "1"]

1. d4 Nf6 2. Nf3 g6 3. g3 Bg7 4. Bg2 0-0 5. c4 d6 6. 0-0 c5 7. Nc3 Nc6 8. e3 Bg4 9. h3 Bf5 10. d5 Nb4 11. a3 Na6 12. Qe2 Qc8 13. Kh2 Be4 14. Rd1 Nc7 15. Bf1 Qf5 16. Nh4 Qe5 17. f3 Nh5 18. f4 Nxd5 19. fxe5 Nxc3 20. bxc3 Bxe5 21. Qf2 1-0

[Event "Helsinki We Garde 9th Group A"]
[Site "Helsinki"]
[Date "2013.09.14"]
[Round "3"]
[White "Raki, Jyrki"]
[Black "Ponnio, Toni"]
[Result "1-0"]
[WhiteElo "2006"]
[BlackElo "1974"]
[PlyCount "41"]
[EventDate "2013.09.13"]
[EventType "swiss"]
[EventRounds "5"]
[EventCountry "FIN"]
[SourceTitle "EXT 2022"]
[Source "ChessBase"]
[SourceDate "2021.10.06"]
[SourceVersion "1"]
[SourceVersionDate "2021.10.06"]
[SourceQuality "1"]

1. d4 Nf6 2. c4 g6 3. Nc3 d5 4. cxd5 Nxd5 5. e4 Nxc3 6. bxc3 Bg7 7. Bc4 c5 8. Be3 Qa5 9. Qb3 0-0 10. Ne2 cxd4 11. Nxd4 Nd7 12. 0-0 Nc5 13. Qc2 Qc7 14. Rfd1 Nxe4 15. Bxf7+ Rxf7 16. Qxe4 Bf5 17. Nxf5 gxf5 18. Qf3 e5 19. Qd5 Rc8 20. Qe6 Qc4 21. Rd8+ 1-0

[Event "FIN Team Cup"]
[Site "Finland"]
[Date "2013.05.26"]
[Round "3.4"]
[White "Raki, Jyrki"]
[Black "Ronka, Erik"]
[Result "0-1"]
[WhiteElo "2013"]
[BlackElo "2117"]
[PlyCount "114"]
[EventDate "2013.04.06"]
[EventType "team-k.o."]
[EventRounds "6"]
[EventCountry "FIN"]
[SourceTitle "EXT 2022"]
[Source "ChessBase"]
[SourceDate "2021.10.06"]
[SourceVersion "1"]
[SourceVersionDate "2021.10.06"]
[SourceQuality "1"]
[WhiteTeam "KymS"]
[BlackTeam "Joensuu SK"]
[WhiteTeamCountry "FIN"]
[BlackTeamCountry "FIN"]

1. d4 Nf6 2. c4 e6 3. Nc3 Bb4 4. f3 0-0 5. e4 d5 6. e5 Nfd7 7. a3 Bxc3+ 8. bxc3 dxc4 9. Bxc4 Nxe5 10. Ba2 Ng6 11. Ne2 c5 12. 0-0 Qc7 13. Be3 Rd8 14. Qb3 b6 15. dxc5 bxc5 16. Rfd1 Nd7 17. Ng3 Bb7 18. Rd2 Nb6 19. Rxd8+ Rxd8 20. Qb5 c4 21. Re1 Bd5 22. Bb1 Ne7 23. Ne4 Qc6 24. Qb4 Nf5 25. Bf2 Nd6 26. Ng3 Rb8 27. Qb2 Nd7 28. Qc2 Nf8 29. Bxa7 Ra8 30. Bf2 Rxa3 31. Ne2 e5 32. Qd2 Be6 33. Qg5 f6 34. Qc1 Ra8 35. Rd1 Qc7 36. g4 Nb7 37. h4 Rd8 38. Ng3 Ng6 39. Bxg6 hxg6 40. Rxd8+ Qxd8 41. Ne4 f5 42. Nc5 Bd5 43. gxf5 gxf5 44. Qf1 Nd6 45. Qd1 Qa8 46. Nd7 Bxf3 47. Qf1 Qe4 48. Kh2 Nb5 49. Qg1 Bg4 50. Qg3 Qe2 51. Nxe5 Nxc3 52. Nxc4 Ne4 53. Qe3 Qxf2+ 54. Qxf2 Nxf2 55. Kg3 Ne4+ 56. Kf4 Nf6 57. Kg5 Kh7 0-1